Normal view
MARC view
Entry Personal Name
001 - CONTROL NUMBER
- control field: 1410147
003 - CONTROL NUMBER IDENTIFIER
- control field: NLI
005 - DATE AND TIME OF LATEST TRANSACTION
- control field: 20220408063609.0
008 - FIXED-LENGTH DATA ELEMENTS
- fixed length control field: 220408|| aca||aabn | a|a d
040 ## - CATALOGING SOURCE
- Original cataloging agency: NLI
- Transcribing agency: NLI
100 ## - HEADING--PERSONAL NAME
- Personal name: Das, B.B.
670 ## - SOURCE DATA FOUND
- Source citation: Work cat.: (NLI)1529314: 880-01, Library and information networking :, c2004
